Regions of New Zealand Quiz Stats

 Plays Quiz Updated Jun 8, 2017

Support Sporcle.
Go Orange.
Score 0/16 Timer 04:00
4 Plays Today
% Correct
Auckland
92.9%
Wellington
92.2%
Northland
74.8%
Southland
70.5%
Canterbury
68.7%
Bay of Plenty
67%
Nelson
66.3%
Otago
66.2%
% Correct
West Coast
64.6%
Waikato
60.3%
Hawke's Bay
58.5%
Gisborne
57%
Taranaki
54.7%
Tasman
53.4%
Marlborough
51.4%
Manawatu-Wanganui
44.1%

You're not logged in!

Compare scores with friends on all Sporcle quizzes.
OR
Log In
Forgot?

From the Vault

Start the TV Show Title

by LTH

"Television is like the invention of indoor plumbing. It didn't change people's habits. It just kept them inside the house." Alfred Hitchcock
Remove Ads.
Support Sporcle.
Get the best of Sporcle when you Go Orange. This ad-free experience offers more features, more stats, and more fun while also helping to support Sporcle. Thank you for becoming a member.

Show Comments

Extras

Top Quizzes Today


Score Distribution

Your Account Isn't Verified!

In order to create a playlist on Sporcle, you need to verify the email address you used during registration. Go to your Sporcle Settings to finish the process.

Report this User

Report this user for behavior that violates our Community Guidelines.

Details: